| 000 | 00458nam a2200181Ia 4500 | ||
|---|---|---|---|
| 001 | 2012 | ||
| 005 | 20260306143811.0 | ||
| 008 | 260306t2015||||xx |||||||||||||| ||spa|| | ||
| 041 | _aESP | ||
| 082 |
_a610.28 _bS17 |
||
| 100 |
_aSaltzman, W. Mark, _eAUT |
||
| 245 | 0 |
_aBiomedical engineering : _bbridging medicine and technology |
|
| 260 | _c2015 | ||
| 300 |
_axxii, 743 páginas : _c25 cm. |
||
| 650 | _aGEN | ||
| 654 | _aCET | ||
| 942 |
_cLIB _dJUS _fJUS _2ddc _n |
||
| 999 |
_c2012 _d2012 |
||